De Oceanen - Statistieken

Algemene statistieken
  • Deze quiz is 44 keer genomen
  • De gemiddelde score is 3 van 5
Antwoordstatistieken
Antwoord % Correct
Atlantische Oceaan
93%
Indische Oceaan
78%
Stille Oceaan
68%
Arctische Oceaan
13%
Antarctische Oceaan
8%
Geen overeenkomende quizzen gevonden
Scoreverdeling
Procent van Mensen met Elke Score
Percentiel versus Aantal Correcte Antwoorden
Uw Scoregeschiedenis
U heeft deze quiz nog niet genomen